000 00435nam a22001577a 4500
005 20251108172448.0
008 250721s9999 xx 000 0 ara d
082 1 4 _a956.7/دلي
245 1 0 _aالدليل السياحي /
264 1 _aصنعاء :
_bوزارة الإعلام و الثقافة،
_c[19-].
300 _a80ص.
650 1 7 _aالتاريخ
650 1 7 _aتاريخ اليمن
942 _2ddc
_cBK
999 _c79947
_d79947